Análisis introductorio de circuitos

Saved in:
Bibliographic Details
Main Author: Boylestad, Robert L (Author)
Format: Book
Language:Spanish
Published: Ciudad de México Prentice Hall 1998
Edition:8a. ed
Subjects:
Tags: Add Tag
No Tags, Be the first to tag this record!

MARC

LEADER 00000cam a2200000 a 4500
001 UCC4016
003 CL-VaPUC
008 180629e19980000mx |||||||||||||||||spa|d
020 |a 9701701844 
082 0 4 |a 621.381  |b BOY  |2 21 
100 0 |a Boylestad, Robert L  |e author  |9 598134 
245 1 0 |a Análisis introductorio de circuitos 
250 |a 8a. ed 
300 |a 1152 p 
942 |c BK 
945 |d 20180629 12:42:00  |a dcastane 
260 |a Ciudad de México  |b Prentice Hall  |c 1998 
650 0 |a Circuitos eléctricos   |9 260262 
650 0 |a Energía eléctrica  |9 256678 
650 0 |a Redes eléctricas   |9 260139 
650 0 |a Electromagnetismo   |9 260123 
650 0 |a Diseño de circuitos   |9 436862 
583 |a last modification  |c 20180629 12:42:00  |k Rodrigo Vera 
999 |c 371628  |d 371626 
952 |0 0  |1 0  |3 erb  |4 0  |6 621_381000000000000_BOY_1998  |7 0  |8 A  |9 488688  |a BIBING  |b BIBING  |i 5478944  |o 621.381 BOY 1998  |p 5478944  |r 2025-01-20  |w 2019-11-24  |y BK  |z Catalogado en:20180629  |k ING